El rey del castillo / (Record no. 80985)
[ view plain ]
| 000 -LEADER | |
|---|---|
| campo de control de longitud fija | 00575nam a2200193 i 4500 |
| 001 - NÚMERO DE CONTROL | |
| campo de control | 80985 |
| 003 - IDENTIFICADOR DE NÚMERO DE CONTROL | |
| campo de control | ES-MaACL |
| 005 - FECHA Y HORA DE LA ÚLTIMA TRANSACCIÓN | |
| campo de control | 20250625063150.0 |
| 007 - CAMPO FIJO DE DESCRIPCIÓN FÍSICA--INFORMACIÓN GENERAL | |
| campo de control de longitud fija | t| |
| 008 - DATOS DE LONGITUD FIJA--INFORMACIÓN GENERAL | |
| campo de control de longitud fija | 041102s1970 sp ||||1| spa d |
| 100 1# - ENTRADA PRINCIPAL--NOMBRE DE PERSONA | |
| Nombre de persona | Holt, Victoria, |
| Fechas asociadas al nombre | 1906-1993 |
| 9 (RLIN) | 166688 |
| 245 13 - MENCIÓN DEL TÍTULO | |
| Título | El rey del castillo / |
| Mención de responsabilidad, etc. | Victoria Holt ; [traducción, Julio F. Yáñez]. |
| 250 ## - MENCION DE EDICION | |
| Mención de edición | [1º ed.]. |
| 260 ## - PUBLICACIÓN, DISTRIBUCIÓN, ETC. | |
| Lugar de publicación, distribución, etc. | [Barcelona] : |
| Nombre del editor, distribuidor, etc. | Destino, |
| Fecha de publicación, distribución, etc. | 1970. |
| 300 ## - DESCRIPCIÓN FÍSICA | |
| Extensión | 307 p. ; |
| Dimensiones | 18 cm. |
| 700 1# - ENTRADA AGREGADA--NOMBRE PERSONAL | |
| Nombre de persona | Fernández-Yáñez, Julio. |
| 9 (RLIN) | 50195 |
| 852 ## - LOCALIZACIÓN | |
| Ubicación | ES-MaACL |
| Número de control de estantería | C-40198 |
| Sublocalización o colección | R.72829 |
| Estatus retirado | Estado de pérdida | Estado de daño | No para préstamo | Biblioteca de origen | Biblioteca actual | Ubicación en estantería | Fecha de adquisición | Fuente de adquisición | Total de préstamos | Signatura topográfica completa | Código de barras | Visto por última vez | Precio de reemplazo | Tipo de ítem Koha |
|---|---|---|---|---|---|---|---|---|---|---|---|---|---|---|
| Biblioteca del Ateneo de Madrid | Biblioteca del Ateneo de Madrid | Depósito 2 | 17/01/2008 | C-40198 | 1084662 | 23/02/2023 | 23/02/2023 | Libro impreso |
